Η διεθνής αναπτυξιακή βοήθεια στα Βαλκάνια : οι αντιφάσεις της γενναιοδωρίας (1991-2006)

Αποθηκεύτηκε σε:
Λεπτομέρειες βιβλιογραφικής εγγραφής
Συγγραφή απο Οργανισμό/Αρχή: Ινστιτούτο Διεθνών Οικονομικών Σχέσεων
Άλλοι συγγραφείς: Τζιφάκης, Νικόλαος (Επιμελητής έκδοσης), Χουλιάρας, Αστέρης Κ. (Επιμελητής έκδοσης)
Μορφή: Βιβλίο
Γλώσσα:Greek
Δημοσίευση: Αθήνα : Παπαζήσης, 2007.
Σειρά:Διεθνής Πολιτική Οικονομία (Παπαζήσης)
Θέματα:
Ετικέτες: Προσθήκη ετικέτας
Δεν υπάρχουν, Καταχωρήστε ετικέτα πρώτοι!

MARC

LEADER 00000cam a2200000 i 4500
001 1/86400
008 080526s2007 gr ||| ||gre||
020 |a 9789600221046 
035 |l 10097649 
040 |a GR-MY-UA  |b gre  |e aacr 
041 0 |a gre 
082 7 |a 330.904   |2 (22) 
245 0 2 |a Η διεθνής αναπτυξιακή βοήθεια στα Βαλκάνια :   |b οι αντιφάσεις της γενναιοδωρίας (1991-2006) /   |c επιμέλεια: Νικόλαος Τζιφάκης, Αστέρης Χουλιάρας ; Ινστιτούτο Διεθνών Οικονομικών Σχέσεων.  
260 |a Αθήνα :   |b Παπαζήσης,   |c 2007.  
300 |a 300 σ. :   |b πίν. ;   |c 21 εκ.  
490 1 |a (Διεθνής Πολιτική Οικονομία / Παπαζήσης) 
504 |a Περιέχει βιβλιογραφικές παραπομπές και ευρετήριο.  
650 0 0 |a Economic development  |x International cooperation. 
651 0 |a Balkan Peninsula  |x Economic conditions. 
700 1 |a Τζιφάκης, Νικόλαος,  |e edt 
700 1 |a Χουλιάρας, Αστέρης Κ.  |e edt 
710 2 |a Ινστιτούτο Διεθνών Οικονομικών Σχέσεων. 
830 0 |a Διεθνής Πολιτική Οικονομία (Παπαζήσης) 
852 |a INST  |b LESVOS  |e 20080526  |h 330.904 ΔΙΕ  |p 005100039791  |q 005100039791  |t BK  |y 0 
852 |a INST  |b LESVOS  |c EUDOXUS  |e 20170213  |h 330.904 ΔΙΕ  |p 005100058748  |q 005100058748  |t EDX  |y 0 
852 |a INST  |b RHODES  |c EUDOXUS  |e 20160530  |h 330.904 ΔΙΕ  |p 005400038491  |q 005400038491  |t EDX  |y 0 
901 |a BIBL1-2008-2 
909 |a Λ  |b 142193 
922 |a 1ΕΛΗ  |b 100711  |c ΕΠΕΑΕΚ2/ΤΚ  |d Σ. ΠΑΤΑΚΗΣ 
920 |a Εύδοξος  |b Παραγγελία  |y Ρόδος-ΤΜΣ  |z 2016-04 
920 |a Εύδοξος  |b Παραγγελία  |y Λέσβος-ΤΓ  |z 2016-12 
970 |a ΚΑΡΑ  |b ΓΙΑΣΕΜΗ  |z 2008/05/26